NBA 2021-2022 Players of the Week by Stats - Statistics

General Stats
  • This quiz has been taken 775 times
    692 since last reset
  • The average score is 19 of 28
Answer Stats
Answer % Correct
LeBron James
97%
Stephen Curry
95%
Nikola Jokić
94%
Joel Embiid
91%
Giannis Antetokounmpo
89%
Jayson Tatum
88%
Kevin Durant
88%
Luka Dončić
88%
Devin Booker
78%
Chris Paul
72%
Trae Young
72%
Damian Lillard
71%
Rudy Gobert
71%
Donovan Mitchell
70%
Ja Morant
69%
Jimmy Butler
68%
Karl-Anthony Towns
66%
DeMar DeRozan
64%
Paul George
64%
Domantas Sabonis
55%
Shai Gilgeous-Alexander
52%
Pascal Siakam
48%
Darius Garland
46%
Brandon Ingram
45%
Fred VanVleet
36%
Jarrett Allen
36%
Miles Bridges
27%
Kemba Walker
16%
No matching quizzes found
Score Distribution
Percent of People with Each Score
Percentile by Number Answered
Your Score History
You have not taken this quiz since the last reset